Microbial approaches for sustainable green technologies / (Record no. 51212)

MARC details
000 -LEADER
fixed length control field 00598nam a2200217Ia 4500
005 - DATE AND TIME OF LATEST TRANSACTION
control field 20260429111853.0
008 - FIXED-LENGTH DATA ELEMENTS--GENERAL INFORMATION
fixed length control field 260429s9999||||xx |||||||||||||| ||und||
020 ## - INTERNATIONAL STANDARD BOOK NUMBER
International Standard Book Number 9781032526485
041 ## - LANGUAGE CODE
Language English
082 ## - DEWEY DECIMAL CLASSIFICATION NUMBER
Classification number 660.62
Item number SHA
100 ## - MAIN ENTRY--PERSONAL NAME
Personal name Shankar, Jata
245 #0 - TITLE STATEMENT
Title Microbial approaches for sustainable green technologies /
Statement of responsibility, etc Jata Shankar
250 ## - EDITION STATEMENT
Edition statement 1st ed.
260 ## - PUBLICATION, DISTRIBUTION, ETC. (IMPRINT)
Place of publication, distribution, etc Boca Raton :
Name of publisher, distributor, etc CRC Press,
Date of publication, distribution, etc 2024.
300 ## - PHYSICAL DESCRIPTION
Extent xix, 336 p.; hb
650 ## - SUBJECT ADDED ENTRY--TOPICAL TERM
Topical term or geographic name as entry element Industrial microbiology
650 ## - SUBJECT ADDED ENTRY--TOPICAL TERM
Topical term or geographic name as entry element Biotechnology
700 ## - ADDED ENTRY--PERSONAL NAME
Personal name Shah, Maulin P.
700 ## - ADDED ENTRY--PERSONAL NAME
Personal name Verma, Pradeep
942 ## - ADDED ENTRY ELEMENTS (KOHA)
Koha item type Text Books
Holdings
Withdrawn status Lost status Damaged status Not for loan Collection code Home library Location Shelving location Date of Cataloging Source of acquisition Total Checkouts Full call number Barcode Date last seen Price effective from Koha item type
        Non-fiction CUTN Central Library CUTN Central Library Medicine, Technology & Management 29/04/2026 Prashant Book Agency, New Delhi - Invoice No. 537 on 09-02-2026   660.62 SHA 56070 29/04/2026 29/04/2026 Text Books